| 000 | 01700 a2200205 4500 | ||
|---|---|---|---|
| 001 | 30054 | ||
| 005 | 20260407155611.0 | ||
| 008 | 260407a1969 arg spa d | ||
| 003 | AR-UNSa-BCEJYS | ||
| 040 |
_aAR-UNSa-BCEJYS _bspa _cAR-UNSa-BCEJYS |
||
| 080 |
_a657.474.55 _xCostes directos e indirectos. Costes marginales |
||
| 245 | 1 | 0 | _aCostes standard y contabilidad marginal |
| 264 | 1 |
_aBilbao : _bEdiciones Deusto _c1969 |
|
| 300 |
_a388 p. _c25 cm. |
||
| 505 | _a1. Desarrollo de los costes standard: Utilizaciones para la dirección - 2. Procedimiento contable de los costes standard: Plan parcial - 3. Procedimiento contable de los costes standard: Plan simple - 4. Costes standard y desviaciones: Materiales y trabajo - 5. Caso: Establecimiento de standard físicos y costes standard : Producción conjunta - 6. Presupuesto flexible de gastos: Informes de desviaciones - 7. Caso: Informes sobre la eficiencia en el trabajo y en los gastos (fabricación de aparatos eléctricos: plan simple) - 8. Existencias: Disposición de las desviaciones - 9. Costes directos - 10. Análisis de la contribución al beneficio: Coste standard directo - 11. La información en el sistema de costes standard directos - 12. Utilización del coste standard directo en los presupuestos a corto plazo - 13. Costes de distribución: Standard y presupuesto - 14. Procedimiento contable de costes standard: Plan dual - 15. Plan dual: Cargo a producto en curso a costes normales y standard - 16. Caso: Predeterminación de los costes de una imprenta de catálogos y revistas: Plan dual. | ||
| 942 | _cBK | ||
| 590 | _aniveau_biblio:m niveau_hierar:0 | ||
| 100 | 1 | _aGillespie, Cecil Merle | |
| 700 | 1 | _aLanda, Jesús | |
| 999 |
_c2000 _d2000 |
||